Villes les plus anciennes de France - Statistiques

Statistiques générales
  • Ce quiz a été pris 367 fois
  • Le résultat moyen est 12 sur 17
Statistiques - réponses
Age supposé Département Nom antique Ville % Correct
2600 ans Bouches-du-Rhône Massalia Marseille
98%
2100 ans Rhône Lugdunum Lyon
96%
2100 ans - Lutetia Paris
96%
2100 ans Haute-Garonne Tolosa Toulouse
94%
2050 ans Drôme Valentia Valence
88%
2600 ans Vaucluse Avennio Avignon
82%
2150 ans Gard Augusta Nemausus Nîmes
78%
2100 ans Aude Narbo Martius Narbonne
77%
2100 ans Bouches-du-Rhône Aquae Sextiae Aix-en-Provence
72%
2625 ans Hérault Baeterrae Béziers
65%
2100 ans Marne Durocortorum Reims
65%
2100 ans Vienne Lemonum Poitiers
51%
2500 ans Bouches-du-Rhône Théliné Arles
50%
2050 ans Dordogne Vesunna Périgueux
44%
2050 ans Vaucluse Arausio Orange
42%
2050 ans Aisne Augusta Viromanduorum Saint-Quentin
35%
2150 ans Pas-de-Calais Gesoriacum Boulogne-sur-Mer
33%
Aucun quiz correspondant
Distribution des résultats
% des personnes avec chaque résultat
Percentile par nombre de réponses
Votre historique - résultats
Vous n’avez pas pris ce quiz